000 00412nam a2200169Ia 4500
005 20251020182515.0
008 200515s9999 xx 000 0 und d
082 _a658.56/K24
100 _aKASUGA, Hermelinda
245 0 _aCírculos de calidad : la nueva dimensión organizacional
250 _a6a ed.
260 _aMéxico, D.F.
260 _c1993
500 _a1 ejemplar
650 _aLIB
942 _cLIB
999 _c1557
_d1557